Tres novelas (Record no. 146685)

MARC details
000 -LEADER
campo de control de longitud fija 00833nam a2200229 i 4500
001 - NÚMERO DE CONTROL
campo de control 146685
003 - IDENTIFICADOR DE NÚMERO DE CONTROL
campo de control ES-MaACL
005 - FECHA Y HORA DE LA ÚLTIMA TRANSACCIÓN
campo de control 20250916231911.0
007 - CAMPO FIJO DE DESCRIPCIÓN FÍSICA--INFORMACIÓN GENERAL
campo de control de longitud fija t|
008 - DATOS DE LONGITUD FIJA--INFORMACIÓN GENERAL
campo de control de longitud fija 070914s1967 sp ||||1| spa d
080 ## - NÚMERO DE LA CLASIFICACIÓN DECIMAL UNIVERSAL
Número de la Clasificación Decimal Universal 86-32"19"(082.9)
245 00 - MENCIÓN DEL TÍTULO
Título Tres novelas
Resto del título : premio Valladolid 1966, 1963, 1962.
260 ## - PUBLICACIÓN, DISTRIBUCIÓN, ETC.
Lugar de publicación, distribución, etc. Madrid :
Nombre del editor, distribuidor, etc. Editora Nacional,
Fecha de publicación, distribución, etc. 1967.
300 ## - DESCRIPCIÓN FÍSICA
Extensión 362 p. ;
Dimensiones 22 cm.
505 8# - NOTA DE CONTENIDO CON FORMATO
Nota de contenido con formato Contiene: Siete caras en una espejo, por Leopoldo Cortejoso.-- El racimo de uvas, por Jorge Ferrer Vidal Turull.-- La feria, por Rodrigo Rubio
650 14 - PUNTO DE ACCESO ADICIONAL DE MATERIA--TÉRMINO DE MATERIA
Término de materia o nombre geográfico como elemento de entrada Novelas españolas-
Subdivisión general Autoras-
Subdivisión cronológica S.XX.
9 (RLIN) 15635
700 1# - ENTRADA AGREGADA--NOMBRE PERSONAL
Nombre de persona Cortejoso Villanueva, Leopoldo.
9 (RLIN) 40841
700 1# - ENTRADA AGREGADA--NOMBRE PERSONAL
Nombre de persona Ferrer-Vidal, Jorge,
Fechas asociadas al nombre 1926-
9 (RLIN) 50501
700 1# - ENTRADA AGREGADA--NOMBRE PERSONAL
Nombre de persona Rubio, Rodrigo,
Fechas asociadas al nombre 1931-2007
9 (RLIN) 100377
852 ## - LOCALIZACIÓN
Ubicación ES-MaACL
Número de control de estantería G-5577
Holdings
Estatus retirado Estado de pérdida Estado de daño No para préstamo Biblioteca de origen Biblioteca actual Ubicación en estantería Fecha de adquisición Fuente de adquisición Total de préstamos Signatura topográfica completa Código de barras Visto por última vez Precio de reemplazo Tipo de ítem Koha
        Biblioteca del Ateneo de Madrid Biblioteca del Ateneo de Madrid Depósito 2 17/01/2008     G-5577 1153094 23/02/2023 23/02/2023 Libro impreso